Probability and Statistics for Engineers and Scientists (Record no. 233458)

MARC details
000 -LEADER
fixed length control field 00658nam a22002297a 4500
005 - DATE AND TIME OF LATEST TRANSACTION
control field 20260218104553.0
008 - FIXED-LENGTH DATA ELEMENTS--GENERAL INFORMATION
fixed length control field 250103b ||||| |||| 00| 0 eng d
020 ## - INTERNATIONAL STANDARD BOOK NUMBER
International Standard Book Number 9788119896646
040 ## - CATALOGING SOURCE
Transcribing agency AL
041 ## - LANGUAGE CODE
Language code of text/sound track or separate title English
082 ## - DEWEY DECIMAL CLASSIFICATION NUMBER
Edition number 23
Classification number 519.2
Item number WALP
100 ## - MAIN ENTRY--PERSONAL NAME
Personal name Ronald E Walpole
100 ## - MAIN ENTRY--PERSONAL NAME
9 (RLIN) 255582
245 ## - TITLE STATEMENT
Title Probability and Statistics for Engineers and Scientists
250 ## - EDITION STATEMENT
Edition statement 9.
260 ## - PUBLICATION, DISTRIBUTION, ETC.
Place of publication, distribution, etc. Noida
Name of publisher, distributor, etc. Pearson
Date of publication, distribution, etc. 2024
300 ## - PHYSICAL DESCRIPTION
Extent 810p
Other physical details PB
Dimensions 23.5x18cm
365 ## - TRADE PRICE
Price type code HYD8-7023045
Price amount ₹880.95
Currency code
Unit of pricing ₹999.00
Price effective from 17-12-2024
700 ## - ADDED ENTRY--PERSONAL NAME
Personal name Myres, Raymond H
9 (RLIN) 192041
700 ## - ADDED ENTRY--PERSONAL NAME
Personal name Myres, Sharon l
9 (RLIN) 192042
700 ## - ADDED ENTRY--PERSONAL NAME
Personal name KeyingY E
9 (RLIN) 192043
942 ## - ADDED ENTRY ELEMENTS (KOHA)
Source of classification or shelving scheme Dewey Decimal Classification
Koha item type Book
Holdings
Withdrawn status Lost status Source of classification or shelving scheme Damaged status Not for loan Collection code Home library Current library Date acquired Source of acquisition Cost, normal purchase price Total Checkouts Full call number Barcode Date last seen Cost, replacement price Price effective from Koha item type
    Dewey Decimal Classification     Statistics St Aloysius Library St Aloysius Library 01/03/2025 amazon.in 880.95   519.2 WALP 077465 01/03/2025 999.00 01/03/2025 Book